000 00847nas a2200253 454500
001 41545
005 20260407193510.0
008 260407s2012####ag###########|||spa#d
003 AR-UNSa-BCEJYS
040 _aAR-UNSa-BCEJYS
_bspa
_cAR-UNSa-BCEJYS
080 _a343.359
_xDelitos contra el fisco y otras autoridades administrativas (Derecho Penal Tributario, Delitos fiscales)
245 1 0 _aRevista de derecho penal tributario
022 _a2314-1077
264 1 _aBuenos Aires :
_bAD-HOC
_c2012
310 _aFrecuencia: Irregular
041 _aspa
942 _cSER
590 _aniveau_biblio:s niveau_hierar:1
100 1 _aUrresti, Esteban J.
650 _aDerecho penal
650 _aDOCTRINA
650 _aREGIMEN PENAL TRIBUTARIO
856 4 1 _uhttps://biblioeco.unsa.edu.ar/pmb/images/revistas/R20716.jpg
_yImagen de portada
_qimage/jpeg
999 _c8882
_d8882